000 00435nmm a2200157Ia 4500
008 251105s9999||||xx |||||||||||||||||und||
020 _a9789580611806
041 _aspa
100 _aAvendaño, Beto
245 0 _aNo tuve juguetes pero tuve fusil
264 _a[Bogotá, Colombia] :
_bOveja Negra,
_c2011
300 _a224 páginas
650 _aBiography
856 _uhttps://public.digitaliapublishing.com/a/19882
942 _cCF
999 _c94858
_d94858